| 000 | 00380nam a2200145Ia 4500 | ||
|---|---|---|---|
| 008 | 150201s2001 xx 000 0 und d | ||
| 082 |
_a617.69 _bO2001B |
||
| 100 | _aBRANTLY,WILLIAM A. | ||
| 245 | _aORTHODONTIC MATERIALS : SCIENTIFIC & CLINICAL | ||
| 250 | _a1ST | ||
| 260 |
_bTHIENE PUBLICATION _aNEW YORK _c2001 |
||
| 300 | _a1-310 | ||
| 650 | _aORTHODONTICS | ||
| 942 |
_2ddc _cBK |
||
| 999 |
_c3454 _d3454 |
||